00955nam a2200157Ia 4500008004100000020001800041050001900059100001800078245012300096260002100219300001700240500010400257505026700361650010600628700006300734121028s9999 xx 000 0 und d a970-24-0337-5 aHF352 M43 2002 aMEANS, Howard aDinero y poder : la historia de los negocios / Howard Means ; prol. David Grubin ; traducción Guadalupe Meza Staines aMéxico : CECSA axiii, 281 p. aTítulo original: Money & power. The history of Business Incluye índices Bibliografía: 261-265 aIntroducción 1. San Godric: Dios y las utilidades 2. Cosme de Médici: cómo poner el dinero a trabajar 3. Felipe II: la riqueza sin sabiduría 4. La obsesión de los tulipanes: compartir la codicia 5. James Watt y Mathiew Boulton: Cómo convertir la evol aNegocios - Historia \ 2. Poder (Ciencias sociales) - Estudio de casos \ 3. Capitalistas - Biografía aGrubin, David, prol. \ II. Meza Staines, Guadalupe, tr.Ì